00741nam a22002057a 450000500170000001000150001702000270003203500140005903700090007308200060008210000240008824500370011225000060014926000480015527001210020330000210032494200200034599900190036595201510038420260514105525.0 aENG-148482 a97889395481601c325.00 aEN-132014 bDBAD aS aRachna Singh989081 aPhoenix in Flames/cRachna Singh a1 bVishwakarma Publicationsc2023aMaharashtra a34A/1, Suyog Center, 7th floor, Gultekedi Marketyard Road, Giridhar Bhavan Chowk, e411037bPuneminfo@vpindia.co.in a206p.c21cm (pb) 2ddccENhSmRAC c216157d216157 001040708FICaKGMbKGMd2026-05-14eDelivery of Books Act Divisiong375.00l0oS RACpEN-132014r2026-05-14 10:55:51t1v375.00w2026-05-14yEN